Bosnian: linking words - Statistics

General Stats
  • This quiz has been taken 34 times
  • The average score is 6 of 6
Answer Stats
English Bosnian % Correct
yes da
100%
no ne
100%
and i
97%
for za
91%
but ali
85%
or ili
85%
No matching quizzes found
Score Distribution
Percent of People with Each Score
Percentile by Number Answered
Your Score History
You have not taken this quiz